Sinfonía patética: Chaikovsky

שמור ב:
מידע ביבליוגרפי
מחבר ראשי: Mann, Klaus (autor)
פורמט: ספר
שפה:ספרדית
יצא לאור: Buenos Aires Siglo Veinte 1949
סדרה:Colección Música y Ballet
נושאים:
תגים: הוספת תג
אין תגיות, היה/י הראשונ/ה לתייג את הרשומה!

MARC

LEADER 00000nam a2200000 a 4500
001 UCN2248
003 CL-VaPUC
008 010511e19490000AG |||||||||||||||||spa|d
082 0 4 |a 780.92  |b MAN  |2 21 
100 |a Mann, Klaus  |e autor  |9 458025 
245 1 0 |a Sinfonía patética: Chaikovsky 
300 |a 239 p 
942 |c BK 
945 |d 20010511 00:00:00  |a crobeson 
260 |a Buenos Aires  |b Siglo Veinte  |c 1949 
600 0 |a Tchaikovsky, Peter Ilich  |9 306347 
650 0 |a Compositores rusos  |9 329355 
650 7 |a MUSICA SIGLO 19  |2 CL-VaPUC  |9 458026 
583 |a last modification  |c 20010511 00:00:00  |k Rodrigo Vera 
490 0 |a Colección Música y Ballet 
999 |c 295406  |d 295404 
952 |0 0  |1 0  |4 0  |6 780_920000000000000_MAN_1949  |7 0  |8 A  |9 348410  |a BIBEDU  |b BIBEDU  |d 2019-11-20  |i 1182749  |o 780.92 MAN 1949  |p 1182749  |r 2023-01-12  |w 2019-11-20  |y BK  |k MUS